000 00407nam a2200157Ia 4500
008 180921t1976 xxu||||| |||| 00| 0 eng d
041 _aeng
080 _a572
_bAND
100 _aAdderson,Edna A.
245 _aLiving in communities
260 _bSilver burdell company
_aAtlanta
_c1976
300 _a208p., ill., 25 cm
650 _aCommunity
999 _c13787
_d13787
003 LK-CoDNM
040 _aLK-CoDNM
_dLK-CoDNM
_eLK-CoDNM